[Event "Tourn. n8566"]
[Site "www.chess-mail.com"]
[Date "2016.01.23"]
[Round "1"]
[White "Estonia"]
[Black "Genius5"]
[WhiteElo "1960"]
[BlackElo "1820"]
[Result "1-0"]
[Round "1"]
1.d4 Ng8f6
2.c4 e6
3.Ng1f3 Bf8b4
4.Bc1d2 Qd8e7
5.e3 b6
6.Bf1e2 Bc8b7
7.O-O Bb4xd2
8.Nb1xd2 O-O
9.Qd1b3 d5
10.c5 Nb8d7
11.cxb6 axb6
12.Ra1c1 Rf8c8
{ time. }
1-0

[Event "Tourn. n8598"]
[Site "www.chess-mail.com"]
[Date "2016.01.23"]
[Round "1"]
[White "Fabos12"]
[Black "Caspito"]
[WhiteElo "1670"]
[BlackElo "1700"]
[Result "1-0"]
[Round "1"]
1.Ng1f3 Nb8c6
2.d4 d5
3.c4 b6
4.Bc1f4 e6
5.Nb1c3 Bf8b4
6.e3 Bc8b7
7.a3 Bb4xc3
8.bxc3 Ng8f6
9.Bf1d3 O-O
10.O-O Nc6a5
11.cxd5 Bb7xd5
12.Bf4g5 Bd5xf3
13.Qd1xf3 Qd8d6
14.Bg5xf6 Na5b3
15.Qf3g4 g6
16.Qg4h4 h5
17.Qh4g5 Kh7
18.Qg5xh5 { resign }
1-0

[Event "Tourn. n8511"]
[Site "www.chess-mail.com"]
[Date "2016.01.23"]
[Round "1"]
[White "Wwgia"]
[Black "Tartan"]
[WhiteElo "2220"]
[BlackElo "2370"]
[Result "0-1"]
[Round "1"]
1.d4 Ng8f6
2.c4 e6
3.Ng1f3 d5
4.Nb1c3 c6
5.Bc1g5 dxc4
6.e4 b5
7.Bf1e2 Bc8b7
8.O-O h6
9.Bg5h4 Nb8d7
10.Qd1c2 g5
11.Bh4g3 Nf6h5
12.Bg3e5 Rh8g8
13.Ra1d1 g4
14.Nf3e1 Qd8g5
15.f4 Qg5h4
16.b3 f6
17.Be5c7 Ra8c8
18.Bc7a5 g3
19.h3 Nh5xf4
20.Ne1f3 Nf4xh3
21.gxh3 Qh4xh3
{ resign }
0-1

[Event "Match"]
[Site "www.echecsemail.com"]
[Date "2016.01.23"]
[Round "1"]
[White "Micheles"]
[Black "Manolinex"]
[WhiteElo "2530"]
[BlackElo "2830"]
[Result "0-1"]
[Round "1"]
1.d4 d5
2.Ng1f3 Ng8f6
3.Bc1g5 Nf6e4
4.Bg5h4 c5
5.dxc5 g6
6.Nf3g5 Ne4xg5
7.Bh4xg5 Bf8g7
8.c3 Nb8c6
9.e3 Qd8a5
10.Nb1d2 Qa5xc5
11.Bg5h4 O-O
12.Bf1e2 e5
13.O-O Bc8e6
14.Qd1a4 a6
15.Rf1e1 b5
16.Qa4d1 Qc5b6
17.h3 Ra8c8
18.Nd2f3 f6
19.a4 b4
20.Qd1b3 Qb6a5
21.Re1c1 Rf8e8
22.Nf3d2 bxc3
23.Rc1xc3 Rc8b8
24.Qb3d1 Qa5b6
25.Ra1c1 Nc6a5
26.Qd1c2 f5
27.Rc3c7 Bg7f8
28.Qc2d1 Na5c4
29.Rc7xc4 dxc4
30.Nd2xc4 Qb6b3
31.Qd1f1 Qb3xa4
32.Bh4g3 Be6xc4
33.Be2xc4 Kh8
34.Rc1a1 Qa4c2
35.b3 Bf8g7
36.Ra1xa6 Rb8d8
37.Ra6a1 Bg7f6
38.Ra1c1 Qc2d2
39.Rc1e1 Kg7
40.Bg3h2 Qd2b4
41.e4 f4
42.Bc4d5 Rd8c8
43.g3 Re8f8
44.Bd5c4 fxg3
45.Bh2xg3 Qb4e7
46.Kg2 Bf6h4
47.Qf1d3 Rc8a8
48.Qd3d2 h5
49.Re1d1 Bh4xg3
50.fxg3 h4
51.Bc4d5 Ra8a7
52.gxh4 Qe7xh4
53.Qd2e3 Ra7a2
54.Rd1d2 Ra2xd2
55.Qe3xd2 Qh4f6
56.Qd2e3 Qf6f1
57.Kg3 Qf1b1
58.Qe3a7 Kh6
59.Qa7e3 Rf8f4
60.Kh2 Qb1c2
61.Kg3 g5
{ resign }
0-1

[Event "Match"]
[Site "www.echecsemail.com"]
[Date "2016.01.23"]
[Round "1"]
[White "Jacks"]
[Black "Nimzo"]
[WhiteElo "2840"]
[BlackElo "2820"]
[Result "1-0"]
[Round "1"]
1.Ng1f3 d5
2.c4 e6
3.e3 Ng8f6
4.Nb1c3 c5
5.d4 a6
6.cxd5 exd5
7.Bf1e2 Nb8c6
8.O-O cxd4
9.Nf3xd4 Bf8d6
10.Nd4xc6 bxc6
11.b3 Qd8c7
12.h3 Qc7e7
13.Qd1d4 Ra8b8
14.Bc1b2 O-O
15.Ra1c1 Rb8b4
16.Qd4d3 Rb4h4
17.Rf1d1 Bc8xh3
18.gxh3 Rh4xh3
19.Qd3f5 Rh3h6
20.Be2f3 { resign }
1-0

[Event "Match"]
[Site "www.echecsemail.com"]
[Date "2016.01.23"]
[Round "1"]
[White "Gambitmiau"]
[Black "Jhw"]
[WhiteElo "1800"]
[BlackElo "1890"]
[Result "1-0"]
[Round "1"]
1.e4 e5
2.d4 c6
3.dxe5 Qd8a5
4.Bc1d2 Qa5xe5
5.Bf1d3 Qe5xb2
6.Nb1c3 Qb2b6
7.Bd2e3 Bf8c5
8.Nc3a4  { time }
1-0

[Event "Match"]
[Site "www.echecsemail.com"]
[Date "2016.01.23"]
[Round "1"]
[White "Liencam2"]
[Black "Pinehill"]
[WhiteElo "2350"]
[BlackElo "2100"]
[Result "1-0"]
[Round "1"]
1.e4 d5
2.exd5 Ng8f6
3.d4 Nf6xd5
4.c4 Nd5b6
5.Ng1f3 Bc8f5
6.Nb1c3 e6
7.Bf1e2 Bf8b4
8.O-O O-O
9.Bc1e3 c6
10.Be2d3 Bf5xd3
11.Qd1xd3 Nb8d7
12.Ra1d1 h6
13.Nc3e4 Qd8c7
14.a3 Bb4e7
15.g3 Ra8d8
16.Be3f4 Qc7c8
17.b3 Nd7c5
18.Ne4xc5 Be7xc5
19.Qd3c3 Bc5e7
20.a4 Nb6d7
21.Rf1e1 Nd7f6
22.Bf4e5 Nf6g4
23.d5 Ng4xe5
24.Qc3xe5 cxd5
25.cxd5 Be7f6
26.Qe5e4 exd5
27.Rd1xd5 Rd8xd5
28.Qe4xd5 Rf8d8
29.Qd5e4 b6
30.Kg2 Qc8a8
31.Qe4e2 g5
32.h3 h5
33.Qe2e4 Qa8xe4
34.Re1xe4 Kg7
35.Re4c4 Rd8d7
36.g4 h4
37.a5 Bf6e7
38.Nf3d4 Be7c5
39.Nd4f3 f6
40.b4 Bc5e7
41.Nf3d4 bxa5
42.bxa5 a6
43.Nd4f5 Kf7
44.Nf5xe7 Rd7xe7
45.Rc4c6 Re7e6
46.Rc6c5 Kg6
47.Rc5f5 Re6e5
48.Rf5xe5 fxe5
49.Kf3 Kf6
50.Ke4 Ke6
51.f3 { resign }
1-0

[Event "Eq:Equipo Juan Diaz-Slap Shot Mates : "]
[Site "www.chess-mail.com"]
[Date "2016.01.23"]
[Round "1"]
[White "Leswamp"]
[Black "Naujzaid"]
[WhiteElo "2290"]
[BlackElo "2010"]
[Result "1-0"]
[Round "1"]
1.d4 d5
2.c4 e6
3.Ng1f3 Ng8f6
4.g3 Bf8e7
5.Bf1g2 O-O
6.O-O dxc4
7.Qd1c2 a6
8.a4 Bc8d7
9.Qc2xc4 Bd7c6
10.Bc1g5 Bc6d5
11.Qc4c2 Bd5e4
12.Qc2c1 Nb8d7
13.Nb1c3 Be4c6
14.Qc1c2 h6
15.Bg5xf6 Nd7xf6
16.e4 Be7b4
17.Rf1e1 Bb4xc3
{ time. }
1-0

[Event "Eq:Team USA-Royal chess : "]
[Site "www.chess-mail.com"]
[Date "2016.01.23"]
[Round "1"]
[White "Cal"]
[Black "Tomcapp"]
[WhiteElo "1539"]
[BlackElo "1580"]
[Result "1-0"]
[Round "1"]
1.c4 c5
2.Nb1c3 Ng8f6
3.h3 Nb8c6
4.Ng1f3 e5
5.e4 d6
6.a3 Bf8e7
7.d3 Bc8e6
8.Bf1e2 a6
9.O-O b5
10.cxb5 axb5
11.b3 c4
12.bxc4 bxc4
13.dxc4 O-O
14.Bc1g5 Nc6d4
15.Bg5xf6 Be7xf6
16.Nc3d5 Nd4xe2
17.Qd1xe2 Be6xd5
18.cxd5 Qd8b6
19.Nf3h2 Ra8a4
20.Qe2f3 Qb6d4
21.Rf1e1 Rf8b8
22.Nh2g4 Qd4c4
23.Ng4xf6 gxf6
24.Qf3xf6 Rb8b2
25.Re1e3 Rb2c2
26.Re3g3 Kf8
27.Qf6d8 
1-0

[Event "Fast Game"]
[Site "www.echecsemail.com"]
[Date "2016.01.23"]
[Round "1"]
[White "Stevep84"]
[Black "Fkarpov"]
[WhiteElo "1930"]
[BlackElo "1950"]
[Result "1-0"]
[Round "1"]
1.e4 e5
2.Ng1f3 Nb8c6
3.Bf1b5 Ng8e7
4.c3 a6
5.Bb5a4 b5
6.Ba4b3 d5
7.d3 dxe4
8.dxe4 Bc8g4
9.Bb3xf7 Kxf7
10.Nf3g5 Ke8
11.Qd1xg4 Ne7c8
12.Qg4e6 Nc8e7
13.Qe6f7 Kd7
14.Qf7e6 Ke8
15.O-O Qd8d6
16.Qe6f7 Kd7
17.Qf7h5 g6
18.Qh5g4 Ke8
19.Rf1d1 Qd6f6
20.Qg4d7 { resign }
1-0

[Event "Tourn. n8505"]
[Site "www.chess-mail.com"]
[Date "2016.01.24"]
[Round "1"]
[White "Bojan"]
[Black "Abuelo"]
[WhiteElo "2000"]
[BlackElo "2090"]
[Result "0-1"]
[Round "1"]
1.e4 e5
2.Ng1f3 Qd8f6
3.Nb1c3 c6
4.d4 exd4
5.Nf3xd4 Bf8c5
6.Bc1e3 d6
7.Nc3a4 Bc5xd4
8.Be3xd4 Qf6g6
9.Qd1f3 Ng8e7
10.Bf1d3 O-O
11.h3 c5
12.Bd4c3 Bc8d7
13.e5 Bd7c6
14.Bd3xg6 Bc6xf3
15.Bg6xh7 Kxh7
16.gxf3 dxe5
17.Na4xc5 b6
18.Nc5e4 f6
19.O-O-O Nb8c6
20.Ne4g3 Ne7g6
21.Ng3e2 Ra8c8
22.Rd1d7 Rf8d8
23.Rh1d1 Rd8xd7
24.Rd1g1 Rc8d8
25.b3 a5
26.a3 Ng6h4
27.f4 Nh4f3
28.Rg1g3 Nf3d4
29.Ne2xd4 exd4
30.Bc3d2 d3
31.c3 Rd8c8
32.Rg3e3 Nc6d4
33.Kb2 Nd4b5
34.c4 Rc8c6
35.a4 Nb5d6
36.Kc3 Nd6f5
37.Re3e4 Nf5d6
38.Re4d4 b5
39.axb5 Nd6xb5
{ resign }
0-1

[Event "Tourn. n8587"]
[Site "www.chess-mail.com"]
[Date "2016.01.24"]
[Round "1"]
[White "Potemkine"]
[Black "Cal"]
[WhiteElo "1499"]
[BlackElo "1550"]
[Result "0-1"]
[Round "1"]
1.Ng1f3 d5
2.d4 h6
3.e3 Bc8g4
4.c3 a6
5.Bf1e2 e6
6.Nb1d2 Ng8f6
7.a3 c5
8.b4 c4
9.Nf3e5 Bg4f5
10.Nd2f3 Bf8d6
11.a4 b6
12.a5 b5
13.Nf3h4 O-O
14.Nh4xf5 Bd6xe5
15.dxe5 Nf6e4
16.Bc1b2 Qd8g5
17.Nf5d6 Qg5xg2
18.Be2f3 Qg2xf2
{ resign }
0-1

[Event "Tourn. n8590"]
[Site "www.chess-mail.com"]
[Date "2016.01.24"]
[Round "1"]
[White "Elogic"]
[Black "Hundegana"]
[WhiteElo "1809"]
[BlackElo "1890"]
[Result "0-1"]
[Round "1"]
1.e4 c5
2.f4 Qd8c7
3.d4 cxd4
4.Qd1xd4 Nb8c6
5.Qd4d2 e6
6.Ng1f3 g6
7.Nb1a3 a6
8.Na3c4 b5
9.Nc4e5 Nc6xe5
10.Nf3xe5 Bf8g7
11.Ne5g4 h5
12.Ng4f2 Ng8e7
13.g3 Bc8b7
14.Bf1d3 Ra8c8
15.a4 bxa4
16.Ra1xa4 O-O
17.O-O Qc7c6
18.Ra4c4 Qc6b6
19.Rc4xc8 Rf8xc8
20.e5 Qb6c6
21.Bd3e4 Qc6c7
22.Be4xb7 Qc7xb7
23.b3 Qb7c6
24.c4 Ne7f5
25.Rf1d1 Rc8c7
26.Nf2d3 h4
27.Nd3b4 Qc6b7
28.g4 Nf5e7
29.Qd2e1 h3
30.Rd1d3 Qb7g2
{ resign }
0-1

[Event "Tourn. n8599"]
[Site "www.chess-mail.com"]
[Date "2016.01.24"]
[Round "1"]
[White "Pimax"]
[Black "Elogic"]
[WhiteElo "2270"]
[BlackElo "2150"]
[Result "1-0"]
[Round "1"]
1.d4 Ng8f6
2.c4 c5
3.d5 e6
4.Nb1c3 exd5
5.cxd5 Qd8b6
6.Ng1f3 g6
7.e4 Bf8g7
8.Bf1e2 d6
9.Nf3g5 h6
10.Ng5f3 Bc8d7
11.Nf3d2 a5
12.Nd2c4 Qb6c7
13.Bc1f4 Ra8a6
14.e5 dxe5
15.Bf4xe5 Qc7d8
16.Nc4d6 Ra6xd6
17.Be5xd6 Bd7f5
18.Be2b5 Nf6d7
19.Qd1e2 { resign }
1-0

[Event "Tourn. n8557"]
[Site "www.chess-mail.com"]
[Date "2016.01.24"]
[Round "1"]
[White "Marbachess"]
[Black "Bojan"]
[WhiteElo "2200"]
[BlackElo "2080"]
[Result "1-0"]
[Round "1"]
1.f4 d5
2.Ng1f3 Qd8d6
3.e3 a6
4.b3 a5
5.Bc1a3 Qd6f6
6.Nb1c3 c6
7.Bf1e2 Bc8d7
8.Ba3b2 h6
9.Nc3xd5 Qf6d6
10.Nd5b6 Ra8a7
11.Bb2e5 Qd6c5
12.Be5d4 Qc5d6
13.Nb6c4 Qd6g6
14.Bd4xa7 Nb8a6
15.Nc4e5 Qg6xg2
16.Rh1g1 Qg2h3
17.Rg1g3 Qh3e6
18.Be2c4 Qe6f5
19.Bc4xf7 Kd8
20.Nf3d4 Qf5f6
21.Ne5xd7 Qf6xf7
22.Nd7xf8 Qf7xf8
23.Nd4e6 { resign }
1-0

[Event "Tourn. n8520"]
[Site "www.chess-mail.com"]
[Date "2016.01.24"]
[Round "1"]
[White "Gatrooper"]
[Black "Ipswich"]
[WhiteElo "1600"]
[BlackElo "1460"]
[Result "0-1"]
[Round "1"]
1.e4 d6
2.d4 g6
3.d5 Bf8g7
4.a3 e5
5.h3 Ng8f6
6.Nb1c3 O-O
7.Bc1g5 h6
8.Bg5xf6 Bg7xf6
9.Ng1f3 Bf6g7
10.Bf1c4 Nb8d7
11.Qd1d2 Nd7b6
12.Bc4a2 f5
13.exf5 gxf5
14.O-O-O e4
15.Nf3h2 Qd8g5
16.f4 Qg5g6
17.g4 Bc8d7
18.gxf5 Qg6xf5
19.Rd1g1 Kh8
20.Kb1 Qf5xf4
21.Qd2g2 Rf8g8
22.Rg1f1 Bg7xc3
23.bxc3 Rg8xg2
24.Rf1xf4 Bd7a4
25.Ba2b3 Ba4xb3
26.cxb3 Nb6xd5
27.Rf4f5 Nd5xc3
28.Kc1 d5
29.Nh2f1 d4
30.Nf1d2 e3
31.Nd2f3 d3
32.Rf5c5 Rg2c2
{ resign }
0-1

[Event "Tourn. n8587"]
[Site "www.chess-mail.com"]
[Date "2016.01.24"]
[Round "1"]
[White "Cal"]
[Black "Sonny1000"]
[WhiteElo "1550"]
[BlackElo "1519"]
[Result "1-0"]
[Round "1"]
1.d4 Ng8f6
2.Nb1c3 d5
3.e3 Nf6g4
4.Ng1f3 c6
5.h3 Ng4h6
6.a3 Qd8a5
7.Bc1d2 b5
8.b4 Qa5b6
9.Bf1d3 g6
10.Nc3e2 f6
11.e4 e5
12.exd5 cxd5
13.dxe5 Qb6e6
14.Ne2f4 Qe6a6
15.Nf4xd5 Nb8c6
16.Nd5c7 Kd8
17.O-O Kxc7
18.exf6 Qa6a4
19.Bd2f4 Kb7
20.Bd3e4 Bc8f5
21.Be4xc6 Kxc6
22.Nf3e5 Kb7
23.Qd1d5 { resign }
1-0

[Event "Tourn. n8559"]
[Site "www.chess-mail.com"]
[Date "2016.01.24"]
[Round "1"]
[White "Azulmarino"]
[Black "Duff"]
[WhiteElo "1690"]
[BlackElo "1740"]
[Result "1-0"]
[Round "1"]
1.e4 e5
2.Ng1f3 Nb8c6
3.Nb1c3 Ng8f6
4.Bf1c4 Bf8c5
5.a3 d6
6.Nf3g5 O-O
7.Nc3d5 Nf6xd5
8.Bc4xd5 Qd8xg5
9.d4 Nc6xd4
10.Bc1xg5 { resign }
1-0

[Event "Tourn. n8597"]
[Site "www.chess-mail.com"]
[Date "2016.01.24"]
[Round "1"]
[White "Amaya"]
[Black "Elogic"]
[WhiteElo "2040"]
[BlackElo "2089"]
[Result "1-0"]
[Round "1"]
1.d4 c5
2.c3 cxd4
3.cxd4 e5
4.e3 Qd8b6
5.dxe5 Qb6a5
6.Nb1c3 Qa5xe5
7.Ng1f3 Qe5a5
8.Bc1d2 Nb8c6
9.Nc3b5 Nc6b4
10.a3 Qa5b6
11.axb4 a6
12.Qd1c2 Ra8b8
13.Nb5c7 Kd8
14.Nc7d5 Qb6d6
15.Bf1c4 b5
16.Bc4b3 g6
17.Bd2c3 f6
18.Bc3d4 Bc8b7
19.Bd4b6 Ke8
20.Nd5c7 Qd6xc7
21.Qc2xc7 Bf8xb4
22.Ke2 { resign }
1-0

[Event "Tourn. n8593"]
[Site "www.chess-mail.com"]
[Date "2016.01.24"]
[Round "1"]
[White "Amaya"]
[Black "Elogic"]
[WhiteElo "2040"]
[BlackElo "2089"]
[Result "1-0"]
[Round "1"]
1.d4 Ng8f6
2.e3 c6
3.Bf1d3 d5
4.f4 g6
5.Nb1d2 e6
6.Ng1f3 Bf8d6
7.O-O Qd8c7
8.Nf3e5 Bd6xe5
9.fxe5 Nf6h5
10.e4 dxe4
11.Nd2xe4 O-O
12.Bc1h6 Rf8d8
13.Ne4f6 Nh5xf6
14.exf6 Rd8xd4
15.Bh6g7 Rd4h4
16.h3 Qc7g3
17.Bd3e4 Bc8d7
18.Rf1f3 Qg3e5
19.Be4d3 a6
20.Qd1d2 c5
21.Ra1e1 Qe5xb2
22.Bd3e4 Nb8c6
23.Rf3b3 Qb2d4
24.Qd2xd4 Nc6xd4
25.Rb3xb7 Ra8d8
26.Be4d3 Bd7c6
27.Rb7c7 Bc6b5
28.Re1e5 Rh4xh3
29.Re5xc5 Rh3xd3
30.cxd3 Nd4c6
31.Rc5xb5 axb5
32.Rc7xc6 Rd8b8
33.Kf2 h5
34.Ke2 Kh7
35.Rc6c7 Kg8
36.Kd2 g5
37.Rc7c5 Rb8a8
38.Rc5xg5 Kh7
39.Rg5xh5 Kg6
40.Rh5xb5 Ra8xa2
41.Ke3 Ra2xg2
42.Kf3 Rg2g5
43.Rb5xg5 Kxg5
44.Ke4 Kg6
45.Ke5 Kh7
46.d4 Kg8
47.d5 exd5
48.Kxd5 Kh7
49.Kd6 Kg6
50.Ke7 Kh7
51.Bg7h8 Kxh8
52.Kxf7 Kh7
53.Ke8 { resign }
1-0

[Event "Tourn. n8543"]
[Site "www.chess-mail.com"]
[Date "2016.01.24"]
[Round "1"]
[White "Francesco"]
[Black "Comrade"]
[WhiteElo "1970"]
[BlackElo "2080"]
[Result "1-0"]
[Round "1"]
1.e4 e5
2.Ng1f3 Nb8c6
3.Bf1b5 d6
4.d4 a6
5.Bb5a4 b5
6.Ba4b3 exd4
7.Nf3xd4 Ng8e7
8.O-O g6
9.Bc1g5 Qd8d7
10.Bg5f6 Rh8g8
11.Nd4xc6 Ne7xc6
12.Nb1c3 Nc6e7
13.Rf1e1 Bc8b7
14.Nc3d5 Bb7xd5
15.Bb3xd5 c6
16.Bd5b3 Bf8g7
17.Bf6xg7 Rg8xg7
18.e5 d5
19.c3 O-O-O
20.a4 Rg7g8
21.axb5 axb5
22.Ra1a6 Kb7
23.Qd1d4 Qd7c7
24.Ra6a7 { resign }
1-0

[Event "Tourn. n8533"]
[Site "www.chess-mail.com"]
[Date "2016.01.24"]
[Round "1"]
[White "Duff"]
[Black "Iko"]
[WhiteElo "1740"]
[BlackElo "1700"]
[Result "1-0"]
[Round "1"]
1.e4 e5
2.Ng1f3 d6
3.d4 Ng8f6
4.dxe5 Nf6xe4
5.exd6 cxd6
6.Bf1d3 d5
7.O-O Bc8g4
8.Rf1e1 Bf8c5
9.Bd3xe4 dxe4
10.Re1xe4 Bg4e6
11.Qd1xd8 Kxd8
12.Bc1g5 Ke8
13.Nb1c3 O-O
14.Nc3b5 Nb8c6
15.Nb5c7 Ra8c8
16.Nc7xe6 fxe6
17.Re4xe6 Rc8d8
18.Bg5xd8 Nc6xd8
19.Re6e5 b6
20.Ra1d1 Nd8f7
21.Re5d5 g6
22.Rd5d7 h5
23.Rd7xa7 b5
24.Rd1d7 Bc5xa7
25.Rd7xa7 Rf8d8
26.g3 Rd8d1
27.Kg2 g5
28.Ra7b7 Nf7d6
29.Rb7b6 Nd6e4
30.Rb6xb5 h4
31.Nf3xg5 hxg3
32.Ng5xe4 gxh2
33.Kxh2 Rd1e1
34.Ne4c3 Re1f1
35.Kg2 Rf1c1
36.a4 Rc1xc2
37.a5 Rc2d2
38.a6 Rd2d8
39.a7 Rd8a8
40.Rb5b8 Ra8xb8
41.axb8Q Kf7
42.Qb8d6 Kg7
43.Kg3 Kf7
44.Kf4 Kg7
45.Kg5 Kf7
46.Qd6f6 Kg8
47.Qf6e7 Kh8
48.Kg6 Kg8
49.Qe7e8 
1-0

[Event "Tourn. n8570"]
[Site "www.chess-mail.com"]
[Date "2016.01.24"]
[Round "1"]
[White "Roque1"]
[Black "Gatrooper"]
[WhiteElo "1820"]
[BlackElo "1690"]
[Result "1-0"]
[Round "1"]
1.e4 e5
2.Ng1f3 Nb8c6
3.Bf1b5 a6
4.Bb5a4 b5
5.Ba4b3 d6
6.d3 Bc8e6
7.Bc1g5 Bf8e7
8.Qd1d2 Be7xg5
9.Nf3xg5 Be6xb3
10.axb3 h6
11.Ng5f3 Ng8f6
12.O-O Nf6g4
13.Nb1c3 Nc6d4
14.Nf3xd4 exd4
15.Nc3d5 c6
16.Nd5b4 Qd8d7
17.Nb4xa6 O-O
18.Ra1a5 Qd7b7
19.Rf1a1 d5
20.Na6c5 Qb7c7
21.Ra5xa8 Qc7xh2
22.Kf1 Qh2h1
23.Ke2 Qh1xg2
24.Qd2f4 Rf8xa8
25.Ra1xa8 Kh7
26.Qf4f5 g6
27.Qf5xf7 
1-0

[Event "Tourn. n8592"]
[Site "www.chess-mail.com"]
[Date "2016.01.24"]
[Round "1"]
[White "Elogic"]
[Black "Tonino1"]
[WhiteElo "2059"]
[BlackElo "2060"]
[Result "1/2-1/2"]
[Round "1"]
1.e4 c5
2.c3 d5
3.f3 dxe4
4.fxe4 e5
5.Ng1f3 Nb8c6
6.d3 Ng8f6
7.Bc1e3 Bf8e7
8.Bf1e2 Nf6g4
9.Be3d2 O-O
10.h3 Be7h4
11.Kf1 Ng4f2
12.Qd1e1 Nf2xh1
13.Nf3xh4 f5
14.Kg1 g5
15.Nh4xf5 Bc8xf5
16.exf5 Rf8xf5
17.Kxh1 Qd8e7
18.g4 Rf5f7
19.Nb1a3 a6
20.d4 exd4
21.Be2c4 Qe7xe1
22.Ra1xe1 h6
23.Bc4xf7 Kxf7
24.Na3c4 Ra8d8
25.cxd4 Nc6xd4
26.Nc4e5 Kf6
27.Bd2a5 Rd8d5
28.Ne5c4 Nd4f3
29.Re1f1 Rd5d3
30.Ba5b6 Ke6
31.Nc4a5 Nf3e5
32.Na5xb7 Kd5
33.Nb7xc5 Rd3xh3
34.Kg2 Rh3h4
35.Nc5xa6 Rh4xg4
36.Kh3 Rg4a4
37.Na6b8 { draw }
1/2-1/2

[Event "Tourn. n8590"]
[Site "www.chess-mail.com"]
[Date "2016.01.24"]
[Round "1"]
[White "Bojan"]
[Black "Elogic"]
[WhiteElo "2030"]
[BlackElo "2059"]
[Result "1-0"]
[Round "1"]
1.d4 Ng8f6
2.c4 d5
3.e3 c5
4.dxc5 Qd8a5
5.Nb1c3 Nf6e4
6.Qd1a4 Qa5xa4
7.Nc3xa4 dxc4
8.f3 Ne4f6
9.Bf1xc4 e5
10.b4 Nb8c6
11.a3 a6
12.Na4b6 Ra8b8
13.Nb6d5 Nf6xd5
14.Bc4xd5 Nc6e7
15.Bd5e4 g6
16.Bc1b2 Bf8g7
17.f4 f6
18.Ng1e2 f5
19.Be4c2 Ne7d5
20.Kf2 Nd5xe3
21.Bc2a4 b5
22.Ba4b3 Ne3g4
23.Ke1 Ng4e3
24.Rh1g1 Bc8b7
25.Kf2 Ne3g4
26.Ke1 Ng4xh2
27.Bb2xe5 Bg7xe5
28.fxe5 Nh2g4
29.e6 Bb7e4
30.Ra1d1 Ke7
31.Rd1d7 Ke8
32.Rg1h1 Ng4f6
33.Rd7a7 Be4xg2
34.Rh1h4 Bg2b7
35.Ne2d4 Nf6d5
36.c6 Bb7c8
37.Bb3xd5 Rh8f8
38.Rh4xh7 g5
39.Nd4xf5 Rf8xf5
40.Ra7e7 Kf8
41.Re7g7 Rf5e5
42.Kf2 Bc8xe6
43.Bd5xe6 Re5xe6
44.Rg7d7 Re6f6
45.Kg3 Kg8
46.c7 Rb8c8
47.Rh7e7 Rc8xc7
48.Rd7xc7 Kf8
49.Re7e5 Rf6g6
50.Kg4 Rg6g7
51.Rc7xg7 Kxg7
52.Kxg5 Kf7
53.Kf5 { resign }
1-0

[Event "Tourn. n8517"]
[Site "www.chess-mail.com"]
[Date "2016.01.24"]
[Round "1"]
[White "Masteratches"]
[Black "Lino"]
[WhiteElo "2370"]
[BlackElo "2330"]
[Result "1-0"]
[Round "1"]
1.d4 f5
2.Nb1c3 Ng8f6
3.Bc1g5 d5
4.Bg5xf6 exf6
5.e3 Bc8e6
6.Bf1d3 Nb8c6
7.Qd1f3 Qd8d7
8.a3 O-O-O
9.Ng1e2 Kb8
10.O-O-O Nc6e7
11.h4 h5
12.Kb1 Ne7c8
13.Qf3g3 Nc8d6
14.f3 Be6f7
15.Ne2f4 c6
16.Rd1e1 Rh8h6
17.e4 fxe4
18.fxe4 Nd6xe4
19.Bd3xe4 dxe4
20.Nc3xe4 Qd7c7
21.c3 Rh6h8
22.Re1e2 Rh8g8
23.Rh1e1 g5
24.hxg5 fxg5
25.Nf4d3 Qc7xg3
26.Ne4xg3 Bf7g6
27.Ng3e4 Bf8g7
28.Kc1 Rd8e8
29.Kd1 h4
30.g4 Bg6xe4
{ time. }
1-0

[Event "Tourn. n8572"]
[Site "www.chess-mail.com"]
[Date "2016.01.24"]
[Round "1"]
[White "Buchauer"]
[Black "Chesspower"]
[WhiteElo "1809"]
[BlackElo "1820"]
[Result "1-0"]
[Round "1"]
1.e4 c5
2.Ng1f3 Nb8c6
3.Nb1c3 d6
4.d4 cxd4
5.Nf3xd4 Ng8f6
6.Bc1g5 e6
7.Qd1d2 Bf8e7
8.O-O-O Qd8a5
9.Bg5xf6 gxf6
10.Nd4b5  { time }
1-0

[Event "Tourn. n8504"]
[Site "www.chess-mail.com"]
[Date "2016.01.24"]
[Round "1"]
[White "Huw"]
[Black "Sontuozio"]
[WhiteElo "2160"]
[BlackElo "2150"]
[Result "0-1"]
[Round "1"]
1.d4 d5
2.c4 c6
3.Ng1f3 Ng8f6
4.Nb1c3 e6
5.Bc1g5 Nb8d7
6.e3 Bf8e7
7.Qd1c2 O-O
8.Bf1d3 h6
9.Bg5h4 Rf8e8
10.O-O a6
11.Ra1c1 b5
12.c5 Nd7f8
13.Nf3e5 Bc8b7
14.a4 b4
15.Nc3e2 a5
16.f4 Nf6d7
17.Bh4xe7 Qd8xe7
18.Rf1f3 Nd7xe5
19.fxe5 Bb7a6
20.Rc1f1 Ba6xd3
21.Qc2xd3 Ra8a7
22.Rf3h3 Nf8g6
23.Ne2f4 Ng6xf4
24.Rf1xf4 Re8f8
25.Rf4g4 f5
26.Rg4h4 Qe7f7
27.Qd3f1 Qf7g6
28.Rh3g3 Qg6h7
29.Qf1f3 f4
30.exf4 Qh7b1
31.Qf3f1 Qb1xb2
32.Qf1d1 Kh8
33.h3 Ra7b7
34.Rg3g6 b3
35.Rg6xe6 Qb2c2
36.Qd1h5 Qc2h7
{ resign }
0-1

[Event "Tourn. n8517"]
[Site "www.chess-mail.com"]
[Date "2016.01.24"]
[Round "1"]
[White "Masteratches"]
[Black "Tartan"]
[WhiteElo "2390"]
[BlackElo "2400"]
[Result "1-0"]
[Round "1"]
1.d4 Ng8f6
2.c4 e6
3.Nb1c3 Bf8b4
4.f3 c5
5.a3 Bb4xc3
6.bxc3 d6
7.e4 Nb8c6
8.Bc1e3 b6
9.Bf1d3 Nc6a5
10.Ng1h3 e5
11.Nh3f2 Qd8d7
12.O-O Bc8a6
13.Qd1e2 O-O
14.a4 Kh8
15.d5 Nf6g8
16.Nf2h1 Ng8e7
17.Nh1g3 Ne7g6
18.Ng3f5 Ng6e7
19.Nf5xe7 Qd7xe7
20.f4 f6
21.Rf1f3 Ba6c8
22.f5 Bc8a6
23.g4 h6
24.Rf3g3 { resign }
1-0

[Event "Tourn. n8528"]
[Site "www.chess-mail.com"]
[Date "2016.01.24"]
[Round "1"]
[White "Faerieking"]
[Black "Lino"]
[WhiteElo "2270"]
[BlackElo "2360"]
[Result "0-1"]
[Round "1"]
1.e4 c5
2.d4 cxd4
3.c3 d5
4.exd5 Qd8xd5
5.cxd4 Ng8f6
6.Nb1c3 Qd5d8
7.Bf1c4 e6
8.Ng1f3 Bf8e7
9.O-O O-O
10.h3 Nb8c6
11.Bc1e3 b6
12.Qd1e2 Bc8b7
13.Ra1c1 Nc6b4
14.a3 Nb4d5
15.Nc3xd5 Nf6xd5
16.Be3d2 Ra8c8
17.Rf1e1 Be7d6
18.Nf3e5 Qd8h4
19.Ne5f3 Qh4h5
20.Bc4a2 Rc8xc1
21.Re1xc1 Nd5f4
22.Bd2xf4 Bd6xf4
23.Rc1c3 Rf8d8
24.d5 Bb7xd5
25.Ba2xd5 Qh5xd5
{ resign }
0-1

[Event "Tourn. n8580"]
[Site "www.chess-mail.com"]
[Date "2016.01.24"]
[Round "1"]
[White "0o0o0"]
[Black "Gatrooper"]
[WhiteElo "1629"]
[BlackElo "1690"]
[Result "1-0"]
[Round "1"]
1.e4 e5
2.Ng1f3 Nb8c6
3.Bf1b5 a6
4.Bb5a4 b5
5.Ba4b3 d6
6.O-O Bc8e6
7.c3 h6
8.d4 exd4
9.cxd4 Be6xb3
10.axb3 Ng8f6
11.Qd1c2 Qd8d7
12.Nb1c3 Nc6b4
13.Qc2e2 Nf6g4
14.h3 Ng4f6
15.e5 dxe5
16.Nf3xe5 Qd7c8
17.Ne5g6 Qc8e6
18.Qe2xe6 Kd8
19.Qe6xf7 Nb4c2
20.Nc3xb5 axb5
21.Ra1xa8 { resign }
1-0

[Event "Tourn. n8458"]
[Site "www.chess-mail.com"]
[Date "2016.01.24"]
[Round "1"]
[White "Genius7"]
[Black "Pablincho"]
[WhiteElo "1770"]
[BlackElo "1880"]
[Result "1-0"]
[Round "1"]
1.d4 e6
2.e4 d5
3.exd5 Qd8xd5
4.Nb1c3 Qd5d8
5.Ng1f3 Bf8d6
6.Bf1d3 Ng8f6
7.O-O O-O
8.Nf3e5 Bd6xe5
9.dxe5 Nf6d5
10.Qd1h5 g6
11.Qh5h6 Nb8d7
12.f4 f5
13.Nc3xd5 exd5
14.Rf1f3 Rf8f7
15.e6 Rf7g7
16.exd7 Bc8xd7
17.Bc1d2 Qd8f6
18.Bd2c3 d4
19.Bc3d2 Bd7e6
20.Qh6g5 Ra8f8
21.Qg5xf6 Rf8xf6
22.Ra1e1 c5
23.Re1xe6 Rf6xe6
24.Bd3c4 Rg7e7
25.c3 Kg7
26.Bc4xe6 Re7xe6
27.Kf1 Re6e4
28.cxd4 cxd4
29.g3 Kf6
30.Rf3f2  { time }
1-0

[Event "Tourn. n8530"]
[Site "www.chess-mail.com"]
[Date "2016.01.24"]
[Round "1"]
[White "Awfen"]
[Black "Fred"]
[WhiteElo "2060"]
[BlackElo "2020"]
[Result "0-1"]
[Round "1"]
1.e4 e5
2.Ng1f3 Nb8c6
3.Bf1c4 Bf8c5
4.O-O Ng8f6
5.c3 d6
6.d4 exd4
7.cxd4 Bc5b6
8.Bc1g5 Bc8g4
9.e5 dxe5
10.dxe5 Qd8xd1
11.Rf1xd1 Nf6e4
12.Bg5h4 O-O
13.Nb1d2 Ne4xd2
14.Rd1xd2 Bg4xf3
15.gxf3 Nc6xe5
16.Bc4e2 Ra8e8
17.b3 Re8e6
18.Kf1 Rf8e8
19.Ra1d1 h6
20.f4 Ne5g6
21.Bh4g3 Re6f6
22.Rd2d8 Re8xd8
23.Rd1xd8 Kh7
24.Be2d3 Rf6d6
25.Rd8xd6 cxd6
26.f5 Ng6e5
27.Bd3e4 g6
28.fxg6 fxg6
29.Be4xb7 Kg7
30.Ke2 Kf6
31.f4 Ne5f7
32.Kf3 Bb6c5
33.Bb7d5 Nf7d8
34.Bg3h4 g5
35.fxg5 hxg5
36.Bh4e1 Ke5
37.Bd5c4 d5
38.Bc4b5 Nd8e6
39.Be1g3 Kf6
40.Bb5a6 Bc5b6
41.Kg4 Bb6e3
42.h4 Ne6c5
43.hxg5 Be3xg5
44.Bg3f2 Nc5xa6
45.Bf2xa7 Bg5d2
46.Ba7d4 Ke6
47.Kf3 Kf5
48.Ke2 Bd2a5
49.Kd3 Na6b4
50.Kd2 Nb4xa2
51.Kc2 Ke4
52.Kb2 Kxd4
53.Kxa2 Kc3
54.Kb1 Kxb3
55.Kc1 d4
56.Kd1 d3
57.Kc1 Kc3
58.Kd1 d2
59.Ke2 Kc2
{ resign }
0-1

[Event "Tourn. n8600"]
[Site "www.chess-mail.com"]
[Date "2016.01.24"]
[Round "1"]
[White "Bojan"]
[Black "Elogic"]
[WhiteElo "2040"]
[BlackElo "2150"]
[Result "1-0"]
[Round "1"]
1.e4 e5
2.Ng1f3 d6
3.d4 Nb8d7
4.d5 c6
5.c4 Nd7c5
6.Qd1c2 Ng8f6
7.Nb1c3 Bc8g4
8.Bf1e2 h6
9.h3 Bg4h5
10.b4 Nc5a6
11.a3 g5
12.Nf3h2 Bh5g6
13.f3 Bf8g7
14.dxc6 bxc6
15.Qc2a4 Qd8b6
16.Nh2f1 Na6c7
17.Bc1e3 Qb6b7
18.Nc3d5 O-O
19.Nd5e7 Kh7
20.Ne7xg6 fxg6
21.Ra1d1 Nf6d7
22.Rd1xd6 Nd7b6
23.Qa4xc6 Qb7c8
24.c5 Ra8b8
25.cxb6 Nc7e8
26.Rd6xg6 Ne8f6
27.Rg6xg7 Kxg7
28.Qc6xc8 Rb8xc8
29.bxa7 Nf6h5
30.Be3c5 Rf8f6
31.g3 Rf6c6
32.Kf2 { resign }
1-0